[Event "4NCL Division 2a"]
[Site "Hinckley Island ENG"]
[Date "2013.11.17"]
[Round "2.11"]
[White "Lock, Gavin R"]
[Black "Mason, Donald J"]
[Result "1/2-1/2"]
[WhiteElo "2205"]
[BlackElo "2204"]
[PlyCount "103"]
[EventDate "2013.11.17"]
[WhiteTeam "Wessex"]
[BlackTeam "Warwickshire Select 1"]

1. d4 Nf6 2. Nf3 g6 3. c4 Bg7 4. Nc3 d5 5. Bg5 Ne4 6. Bh4 Nxc3 7. bxc3 c5 8. e3
Nc6 9. cxd5 Qxd5 10. Be2 cxd4 11. cxd4 O-O 12. O-O Bf5 13. Qb3 Qxb3 14. axb3
Rfe8 15. Nd2 h6 16. Rfc1 Kf8 17. Bf3 Bd7 18. Nc4 Rec8 19. h3 Nd8 20. Na5 Rxc1+
21. Rxc1 Rc8 22. Rxc8 Bxc8 23. Bg3 Ke8 24. Bc7 Kd7 25. Bxd8 Kxd8 26. Nxb7+ Bxb7
27. Bxb7 Kc7 28. Bd5 e6 29. Bc4 Kd6 30. Kf1 Bf6 31. Ke2 Bd8 32. Kf3 Bb6 33. g4
Ke7 34. d5 exd5 35. Bxd5 Bc5 36. Ke4 Kf6 37. Bc4 Bb4 38. f4 Bc5 39. Kf3 g5 40.
Ke4 a5 41. Bd5 Bb6 42. Kd3 Ba7 43. f5 Bb6 44. e4 Bc7 45. Kc4 Be5 46. Kc5 Ke7
47. Kb6 Bc3 48. e5 f6 49. exf6+ Kxf6 50. Kc7 Bb4 51. Kd7 Ba3 52. Bc4 1/2-1/2

[Event "4NCL Division 2a"]
[Site "Hinckley Island ENG"]
[Date "2013.11.17"]
[Round "2.12"]
[White "Pitcher, John"]
[Black "Rutter, Nick J"]
[Result "1-0"]
[WhiteElo "2246"]
[BlackElo "2189"]
[PlyCount "107"]
[EventDate "2013.11.17"]
[WhiteTeam "Warwickshire Select 1"]
[BlackTeam "Wessex"]

1. e4 c5 2. Nf3 e6 3. c3 Nf6 4. e5 Nd5 5. g3 d6 6. exd6 Bxd6 7. Bg2 Nc6 8. O-O
b6 9. d4 Bb7 10. c4 Nde7 11. Nc3 cxd4 12. Nxd4 Be5 13. Nde2 Qxd1 14. Rxd1 Na5
15. b3 Bxg2 16. Kxg2 O-O 17. Ba3 Rfe8 18. Rd7 Nec6 19. Rad1 Rad8 20. f4 Bb8 21.
Nb5 Rxd7 22. Rxd7 Rd8 23. Rxd8+ Nxd8 24. Nd6 Bxd6 25. Bxd6 Ndc6 26. Kf3 f6 27.
Ke4 Kf7 28. Nd4 Nxd4 29. Kxd4 Nc6+ 30. Kc3 e5 31. fxe5 fxe5 32. Kd3 Ke6 33. Bf8
g6 34. Ke4 Nb8 35. g4 Nd7 36. Bb4 Nf6+ 37. Kf3 h5 38. h3 hxg4+ 39. hxg4 Nd7 40.
Bd2 Kd6 41. Be3 Nb8 42. b4 Nd7 43. Bg5 Nb8 44. Ke4 Nd7 45. Bh4 Ke6 46. g5 a5
47. a3 axb4 48. axb4 Kd6 49. Bg3 Ke6 50. Bf2 Kd6 51. Bxb6 Nb8 52. b5 Nd7 53.
Be3 Nf8 54. c5+ 1-0

[Event "4NCL Division 2a"]
[Site "Hinckley Island ENG"]
[Date "2013.11.17"]
[Round "2.13"]
[White "Simons, Martin J"]
[Black "Paterson, Andrew I"]
[Result "1/2-1/2"]
[WhiteElo "2109"]
[BlackElo "2145"]
[PlyCount "75"]
[EventDate "2013.11.17"]
[WhiteTeam "Wessex"]
[BlackTeam "Warwickshire Select 1"]

1. d4 Nf6 2. Nc3 d5 3. e4 dxe4 4. f3 Bf5 5. g4 Bg6 6. g5 Nd5 7. fxe4 Nxc3 8.
bxc3 Bxe4 9. Nf3 e6 10. Bg2 c6 11. O-O Bd6 12. Ne5 Bf5 13. Qe2 O-O 14. Rb1 Qc7
15. h3 Nd7 16. Nxd7 Qxd7 17. Bf4 Bxf4 18. Rxf4 Rfe8 19. Qf2 Re7 20. c4 g6 21.
Re1 Rae8 22. Re5 Qd6 23. c5 Qc7 24. Qd2 Rd8 25. Qc3 Red7 26. Kh1 Ra8 27. h4
Rad8 28. Qb2 Qa5 29. Re2 Qa4 30. c3 Bd3 31. Ref2 Qa5 32. Qb3 Bf5 33. Re2 Bd3
34. Rxe6 Bc2 35. Qc4 Bd3 36. Qb3 Bc2 37. Qc4 Bd3 38. Qb3 1/2-1/2

[Event "4NCL Division 2a"]
[Site "Hinckley Island ENG"]
[Date "2013.11.17"]
[Round "2.14"]
[White "Shephard, Chris CW"]
[Black "de Coverly, Roger D"]
[Result "1/2-1/2"]
[WhiteElo "2165"]
[BlackElo "2020"]
[PlyCount "84"]
[EventDate "2013.11.17"]
[WhiteTeam "Warwickshire Select 1"]
[BlackTeam "Wessex"]

1. c4 e5 2. g3 Nf6 3. Bg2 g6 4. Nc3 Bg7 5. Nf3 d6 6. O-O O-O 7. d3 Nc6 8. Rb1
a5 9. a3 h6 10. Bd2 Be6 11. Ne1 Qd7 12. b4 axb4 13. axb4 Bh3 14. b5 Nd8 15. Nc2
Bxg2 16. Kxg2 Ne6 17. f3 h5 18. Ne4 Nh7 19. Nf2 f5 20. Kh1 Nf6 21. Nb4 f4 22.
Rg1 g5 23. gxf4 gxf4 24. Qf1 Nd4 25. Bc3 Nf5 26. Qh3 Ne3 27. Qxd7 Nxd7 28. Ra1
Nc5 29. Nh3 Ne6 30. Nd5 Kf7 31. Rxa8 Rxa8 32. Ra1 Rxa1+ 33. Bxa1 Nc2 34. Bc3
Bf6 35. Nf2 Bh4 36. Ne4 b6 37. Kg1 Bd8 38. Kf1 Ned4 39. Bxd4 Nxd4 40. Nec3 Ke6
41. Ne4 Nf5 42. Nec3 Nd4 1/2-1/2

[Event "4NCL Division 2a"]
[Site "Hinckley Island ENG"]
[Date "2013.11.17"]
[Round "2.15"]
[White "Gregory, Keith DF"]
[Black "James, Ann-Marie"]
[Result "1/2-1/2"]
[WhiteElo "2035"]
[BlackElo "2061"]
[PlyCount "61"]
[EventDate "2013.11.17"]
[WhiteTeam "Wessex"]
[BlackTeam "Warwickshire Select 1"]

1. Nf3 d5 2. c4 e6 3. g3 Nf6 4. Bg2 Be7 5. O-O O-O 6. d4 dxc4 7. Na3 c5 8. Nxc4
Nc6 9. dxc5 Bxc5 10. a3 h6 11. b4 Be7 12. Bb2 Bd7 13. Rc1 Be8 14. Qb3 b5 15.
Nce5 Qb6 16. Nxc6 Bxc6 17. Bd4 Qb7 18. Qb2 Bd5 19. Rfe1 Rfd8 20. Be5 Rac8 21.
Rxc8 Rxc8 22. Rc1 Rxc1+ 23. Qxc1 Nd7 24. Qc7 Qxc7 25. Bxc7 Bf6 26. Ne1 Bxg2 27.
Kxg2 Ne5 28. Bxe5 Bxe5 29. Nd3 Bc3 30. e4 Kf8 31. f3 1/2-1/2

[Event "4NCL Division 2a"]
[Site "Hinckley Island ENG"]
[Date "2013.11.17"]
[Round "2.16"]
[White "Cooper, David M"]
[Black "Clark, Ian C"]
[Result "1/2-1/2"]
[WhiteElo "2053"]
[BlackElo "2058"]
[PlyCount "43"]
[EventDate "2013.11.17"]
[WhiteTeam "Warwickshire Select 1"]
[BlackTeam "Wessex"]

1. e4 c5 2. Nc3 e6 3. f4 Nc6 4. Nf3 g6 5. Bb5 Nge7 6. O-O Bg7 7. d3 O-O 8. e5
d5 9. exd6 Qxd6 10. Ne4 Qc7 11. Bxc6 Nxc6 12. Rb1 b6 13. Bd2 Bb7 14. Qe1 Nd4
15. Nxd4 cxd4 16. Rc1 Qc6 17. Qe2 Rfd8 18. Be1 Rac8 19. Bh4 Rd5 20. Bf6 Rf5 21.
Bxg7 Kxg7 22. Rf2 1/2-1/2

[Event "4NCL Division 2a"]
[Site "Hinckley Island ENG"]
[Date "2013.11.17"]
[Round "2.17"]
[White "Gill, Oliver"]
[Black "Fallowfield, Jeremy R"]
[Result "1/2-1/2"]
[WhiteElo "1980"]
[BlackElo "2035"]
[PlyCount "32"]
[EventDate "2013.11.17"]
[WhiteTeam "Wessex"]
[BlackTeam "Warwickshire Select 1"]

1. e4 c6 2. Nc3 d5 3. Nf3 Nf6 4. e5 Ne4 5. Ne2 Qb6 6. d4 e6 7. c3 c5 8. Qb3 Nc6
9. Qxb6 axb6 10. Nd2 Nxd2 11. Bxd2 cxd4 12. cxd4 Nb4 13. Bxb4 Bxb4+ 14. Nc3 Ra3
15. Kd2 Bxc3+ 16. bxc3 Kd8 1/2-1/2

[Event "4NCL Division 2a"]
[Site "Hinckley Island ENG"]
[Date "2013.11.17"]
[Round "2.18"]
[White "Baruch, Andrew JD"]
[Black "Zhou, Yang-Jian"]
[Result "1/2-1/2"]
[WhiteElo "2078"]
[BlackElo "1665"]
[PlyCount "67"]
[EventDate "2013.11.17"]
[WhiteTeam "Warwickshire Select 1"]
[BlackTeam "Wessex"]

1. g3 c5 2. Bg2 g6 3. Nf3 Bg7 4. d4 cxd4 5. Nxd4 Nc6 6. Nb3 Nf6 7. O-O O-O 8.
c4 d6 9. Nc3 Be6 10. Nd5 Qd7 11. Bg5 Ne5 12. Bxf6 Bxf6 13. Nxf6+ exf6 14. c5
Bxb3 15. axb3 dxc5 16. Qxd7 Nxd7 17. Rfd1 Ne5 18. Bxb7 Rad8 19. h3 Rxd1+ 20.
Rxd1 Rb8 21. Bd5 g5 22. f4 Ng6 23. e3 Ne7 24. Bc4 Rb7 25. Kf2 Kg7 26. Rd6 h6
27. Kf3 Kg6 28. e4 Kg7 29. Kg4 Rc7 30. h4 gxf4 31. gxf4 Nc6 32. h5 Nd4 33. b4
Nc2 34. Bb3 1/2-1/2

[Event "4NCL Division 2a"]
[Site "Hinckley Island ENG"]
[Date "2013.11.17"]
[Round "2.21"]
[White "Schreiner, Till"]
[Black "Rudd, Jack"]
[Result "1/2-1/2"]
[WhiteElo "2301"]
[BlackElo "2230"]
[PlyCount "108"]
[EventDate "2013.11.17"]
[WhiteTeam "Anglian Avengers 1"]
[BlackTeam "Bristol 1"]

1. d4 Nf6 2. c4 g6 3. Nc3 Bg7 4. e4 d6 5. f3 O-O 6. Be3 e5 7. d5 Nh5 8. Qd2 f5
9. O-O-O f4 10. Bf2 a5 11. Nge2 Na6 12. Kb1 b6 13. Nc1 Nf6 14. Bd3 g5 15. g4 h5
16. h3 Kf7 17. Be2 Rh8 18. Nd3 Bd7 19. h4 hxg4 20. hxg5 Nh7 21. g6+ Kxg6 22.
fxg4 Ng5 23. Rh5 Rxh5 24. gxh5+ Kh6 25. Rg1 Bf6 26. Bh4 Qe7 27. Nf2 Nc5 28. Bg4
Nf3 29. Bxf3 Bxh4 30. Rg6+ Kh7 31. Nb5 Rg8 32. Nxc7 Rxg6 33. hxg6+ Kxg6 34. Nd3
Qg5 35. Nxc5 bxc5 36. Ne6 Qg1+ 37. Kc2 Be1 38. Qe2 Ba4+ 39. b3 Be8 40. Bh5+ Kf6
41. Bxe8 Bb4 42. Kb2 Qg3 43. Qc2 f3 44. Bh5 Qg2 45. Bxf3 Ba3+ 46. Kc3 Qxf3+ 47.
Qd3 Bb4+ 48. Kc2 Qg2+ 49. Kd1 Ke7 50. Qe3 Kd7 51. Qg5 Qf3+ 52. Kc2 Qe2+ 53. Kb1
Qd3+ 54. Kb2 Qc3+ 1/2-1/2

[Event "4NCL Division 2a"]
[Site "Hinckley Island ENG"]
[Date "2013.11.17"]
[Round "2.22"]
[White "Buckley, David E"]
[Black "Player, Edmund C"]
[Result "1-0"]
[WhiteElo "2261"]
[BlackElo "2246"]
[PlyCount "89"]
[EventDate "2013.11.17"]
[WhiteTeam "Bristol 1"]
[BlackTeam "Anglian Avengers 1"]

1. d4 d5 2. c4 dxc4 3. e4 Nf6 4. e5 Nd5 5. Bxc4 Nb6 6. Bb3 Nc6 7. Ne2 Bf5 8.
Nbc3 e6 9. O-O Be7 10. a3 Qd7 11. Be3 O-O-O 12. Ba2 Na5 13. Ng3 Bg6 14. Qe2 Nc6
15. Rfd1 Nd5 16. Nxd5 exd5 17. Qd2 h5 18. Ne2 f6 19. Rac1 h4 20. b4 a6 21. exf6
gxf6 22. Nf4 Bf7 23. h3 Rhg8 24. Rc3 Na7 25. Rdc1 c6 26. Rb3 Rg7 27. a4 Kb8 28.
Bb1 Bd6 29. Bd3 Rdg8 30. Bf1 b5 31. Ra1 Nc8 32. axb5 axb5 33. Rba3 Nb6 34. Qa2
Na4 35. Rxa4 bxa4 36. Qxa4 Qb7 37. b5 Be8 38. bxc6 Bxc6 39. Qc2 Bxf4 40. Bxf4+
Kc8 41. Ba6 Rxg2+ 42. Kf1 Rg1+ 43. Ke2 Re8+ 44. Kf3 Rxa1 45. Qxc6+ 1-0

[Event "4NCL Division 2a"]
[Site "Hinckley Island ENG"]
[Date "2013.11.17"]
[Round "2.23"]
[White "Merry, Alan B"]
[Black "Beaumont, Chris R"]
[Result "1-0"]
[WhiteElo "2297"]
[BlackElo "2290"]
[PlyCount "113"]
[EventDate "2013.11.17"]
[WhiteTeam "Anglian Avengers 1"]
[BlackTeam "Bristol 1"]

1. e4 c5 2. Nf3 g6 3. d4 Bg7 4. Nc3 cxd4 5. Nxd4 Nc6 6. Be3 Nf6 7. Nb3 O-O 8.
f3 d5 9. Nxd5 Nxd5 10. exd5 Nb4 11. c4 Bf5 12. g4 Nc2+ 13. Kf2 Nxa1 14. gxf5
Nxb3 15. Qxb3 gxf5 16. Rg1 Kh8 17. Bd3 f4 18. Bxf4 Qb6+ 19. Be3 Qxb3 20. axb3
Bxb2 21. Rg5 Bg7 22. Rh5 h6 23. Bxh6 Bxh6 24. Rxh6+ Kg7 25. Rh7+ Kf6 26. Rh6+
Ke5 27. Ke3 f6 28. Rh7 Kd6 29. Kd4 b6 30. b4 Rac8 31. Bf5 Rc7 32. Rh4 e5+ 33.
dxe6 Rfc8 34. Kd3 Ke5 35. Bh3 f5 36. f4+ Kxe6 37. Rh6+ Ke7 38. Bxf5 Rf8 39.
Re6+ Kf7 40. Rd6 Rg8 41. Be4 Rh8 42. f5 Rxh2 43. Bd5+ Ke7 44. Re6+ Kd7 45. Rg6
Rf2 46. Kd4 Ke7 47. Ke5 Re2+ 48. Kf4 Kd8 49. f6 Re8 50. Kg5 b5 51. f7 Rf8 52.
Kf6 Rfxf7+ 53. Bxf7 bxc4 54. Rg8+ Kd7 55. Be6+ Kc6 56. Bxc4 Kb7 57. Rg7 1-0

[Event "4NCL Division 2a"]
[Site "Hinckley Island ENG"]
[Date "2013.11.17"]
[Round "2.24"]
[White "Dilleigh, Stephen P"]
[Black "Talsma, Paul A"]
[Result "1-0"]
[WhiteElo "2137"]
[BlackElo "2192"]
[PlyCount "67"]
[EventDate "2013.11.17"]
[WhiteTeam "Bristol 1"]
[BlackTeam "Anglian Avengers 1"]

1. d4 f5 2. g3 Nf6 3. Bg2 g6 4. Nf3 Bg7 5. O-O O-O 6. b3 d6 7. Bb2 Na6 8. c4
Qe8 9. Qc2 c6 10. Nbd2 Rb8 11. a3 b5 12. b4 Nc7 13. Rac1 Bd7 14. cxb5 Rxb5 15.
Nc4 Ncd5 16. e3 h6 17. Rfe1 g5 18. Nfd2 Qh5 19. f3 Nc7 20. Na5 c5 21. dxc5 dxc5
22. Bf1 Rxa5 23. bxa5 Ne6 24. Bc4 g4 25. f4 Kh8 26. Be5 Nd8 27. Rb1 Bc6 28. Bf1
Nb7 29. a6 Nd6 30. Qxc5 Nde4 31. Nxe4 Bxe4 32. Rb7 Re8 33. Rxe7 Rd8 34. Rxg7
1-0

[Event "4NCL Division 2a"]
[Site "Hinckley Island ENG"]
[Date "2013.11.17"]
[Round "2.25"]
[White "Lindner, Daniel"]
[Black "Musson, Adam J"]
[Result "0-1"]
[WhiteElo "2220"]
[BlackElo "2069"]
[PlyCount "68"]
[EventDate "2013.11.17"]
[WhiteTeam "Anglian Avengers 1"]
[BlackTeam "Bristol 1"]

1. c4 e5 2. g3 Nf6 3. Bg2 h6 4. Nc3 Bb4 5. e4 Bxc3 6. bxc3 O-O 7. Ne2 Re8 8.
O-O c6 9. a4 d6 10. Rb1 Be6 11. Rxb7 Bxc4 12. d3 Ba6 13. Rb1 d5 14. exd5 cxd5
15. Ba3 Nc6 16. Re1 Qc7 17. Nc1 Na5 18. Bb4 Rad8 19. Qd2 e4 20. Bf1 Nc6 21. d4
Bxf1 22. Kxf1 Qd7 23. Kg2 Rb8 24. a5 Nxa5 25. Qa2 Nc4 26. Nb3 Qf5 27. Nd2 Nxd2
28. Qxd2 e3 29. Qa2 a5 30. Bxa5 Rxb1 31. Rxb1 exf2 32. Rf1 Ng4 33. Rxf2 Nxf2
34. Qxf2 Qd3 0-1

[Event "4NCL Division 2a"]
[Site "Hinckley Island ENG"]
[Date "2013.11.17"]
[Round "2.26"]
[White "Krzyzanowski, Patryk"]
[Black "Munson, Shaun D"]
[Result "1-0"]
[WhiteElo "2005"]
[BlackElo "2174"]
[PlyCount "117"]
[EventDate "2013.11.17"]
[WhiteTeam "Bristol 1"]
[BlackTeam "Anglian Avengers 1"]

1. c4 e5 2. Nc3 Nf6 3. g3 c6 4. Nf3 e4 5. Nd4 Qb6 6. e3 d5 7. Qc2 Bd7 8. Bg2
Na6 9. O-O Nb4 10. Qb1 Nd3 11. cxd5 cxd5 12. f3 Nxc1 13. Rxc1 Bc5 14. Nb3 Bxe3+
15. dxe3 exf3 16. Bxf3 Qxe3+ 17. Kg2 O-O 18. Re1 Bh3+ 19. Kxh3 Qxf3 20. Qd1
Qf5+ 21. Kg2 Rfe8 22. Nd4 Qd7 23. Qf3 Rad8 24. Rad1 a6 25. Rxe8+ Qxe8 26. Rd2
b5 27. a3 Qd7 28. Nf5 Kf8 29. Qf4 h6 30. Qb4+ Kg8 31. Qe7 Kh7 32. Qxd7 Rxd7 33.
Rd4 g6 34. Ne3 Re7 35. Nexd5 Nxd5 36. Rxd5 Rb7 37. b4 Rc7 38. Ne4 Rc2+ 39. Rd2
Rc4 40. Kf3 g5 41. Rd7 Kg6 42. Rd6+ Kf5 43. Rd5+ Ke6 44. Rc5 Rd4 45. Ke3 Rd1
46. Rc6+ Ke5 47. Nf6 Re1+ 48. Kf2 Ra1 49. Rxa6 Kf5 50. h3 Rh1 51. Nd5 Rh2+ 52.
Kf3 h5 53. Ne3+ Ke5 54. Rb6 Rxh3 55. Rxb5+ Kd4 56. Kg2 g4 57. Nf5+ Kc4 58. Rc5+
Kb3 59. b5 1-0

[Event "4NCL Division 2a"]
[Site "Hinckley Island ENG"]
[Date "2013.11.17"]
[Round "2.27"]
[White "Spence, David J"]
[Black "Collier, David O"]
[Result "1-0"]
[WhiteElo "2221"]
[BlackElo "2064"]
[PlyCount "87"]
[EventDate "2013.11.17"]
[WhiteTeam "Anglian Avengers 1"]
[BlackTeam "Bristol 1"]

1. e4 c5 2. c3 Nf6 3. e5 Nd5 4. d4 cxd4 5. cxd4 b6 6. Bd3 Bb7 7. Nf3 e6 8. O-O
Be7 9. Nbd2 Nb4 10. Be2 d5 11. a3 N4c6 12. b4 Nd7 13. Re1 f5 14. exf6 Bxf6 15.
Bb2 O-O 16. Bd3 Re8 17. Ne5 Bxe5 18. dxe5 Qg5 19. Nf3 Qh5 20. Qd2 Nf8 21. Rac1
Rec8 22. Bb5 h6 23. h3 Qf7 24. Rc2 Ne7 25. Rec1 Nf5 26. Bd3 Rxc2 27. Rxc2 Rc8
28. Rxc8 Bxc8 29. Qc2 Bd7 30. a4 Qe8 31. b5 Qb8 32. Ba3 Kf7 33. Qd2 Qc8 34. g4
Ne7 35. Nd4 Nfg6 36. f4 Kg8 37. Bd6 Qe8 38. f5 Nf8 39. Qf4 Nc8 40. Bb4 Qf7 41.
Kh2 exf5 42. gxf5 Ne6 43. Nxe6 Bxe6 44. Bd2 1-0

[Event "4NCL Division 2a"]
[Site "Hinckley Island ENG"]
[Date "2013.11.17"]
[Round "2.31"]
[White "Robertson, J Stuart"]
[Black "Jones, Victor GL"]
[Result "0-1"]
[WhiteElo "2084"]
[BlackElo "2231"]
[PlyCount "100"]
[EventDate "2013.11.17"]
[WhiteTeam "Cambridge University 2"]
[BlackTeam "KJCA Kings"]

1. d4 e6 2. c4 Nf6 3. Nc3 Bb4 4. f3 c5 5. d5 Nh5 6. g3 d6 7. e4 exd5 8. cxd5
O-O 9. Bg2 f5 10. exf5 Bxf5 11. Nge2 c4 12. Be3 Re8 13. Kf2 Na6 14. Bd4 Bd3 15.
Bf1 Bc5 16. Bxc5 Nxc5 17. Kg2 Qf6 18. Qd2 Rf8 19. Ng1 Rae8 20. Bxd3 Nxd3 21.
Rf1 b5 22. b3 b4 23. Nce2 Ne5 24. Qd4 Nxf3 25. Qxf6 Rxf6 26. bxc4 Nxg1 27. Nxg1
Re3 28. Rc1 Rf8 29. Rc2 Rfe8 30. Kf2 Re1 31. h3 R8e3 32. Ne2 R3xe2+ 33. Rxe2
Rxh1 34. Kf3 Kf7 35. a3 bxa3 36. Ra2 Rg1 37. g4 Nf6 38. Rxa3 Rc1 39. Rxa7+ Kg6
40. Rc7 Nxd5 41. Rc6 Rc3+ 42. Ke4 Nf6+ 43. Kf4 Rd3 44. g5 Nd7 45. h4 Nc5 46.
Kg4 Rd4+ 47. Kf3 Kf5 48. Rc7 Ne6 49. Rd7 Rxh4 50. Rxd6 Nxg5+ 0-1

[Event "4NCL Division 2a"]
[Site "Hinckley Island ENG"]
[Date "2013.11.17"]
[Round "2.32"]
[White "Sathyanandha, Saravanan"]
[Black "Beckett, Chris J"]
[Result "1-0"]
[WhiteElo "2128"]
[BlackElo "2128"]
[PlyCount "57"]
[EventDate "2013.11.17"]
[WhiteTeam "KJCA Kings"]
[BlackTeam "Cambridge University 2"]

1. e4 d6 2. d4 Nf6 3. Nc3 e5 4. Nf3 Nbd7 5. Be2 c6 6. a4 Be7 7. O-O O-O 8. Re1
h6 9. h3 Re8 10. Be3 Qc7 11. Qd2 b6 12. Bc4 Nxe4 13. Nxe4 d5 14. dxe5 dxe4 15.
Bf4 Qb7 16. Bxh6 exf3 17. Qf4 gxh6 18. Qxf7+ Kh8 19. Qxe8+ Nf8 20. Qf7 Be6 21.
Bxe6 Nh7 22. Rad1 Rf8 23. Qg6 Qa6 24. Bf5 Rxf5 25. Qxf5 Qxa4 26. Rd7 Qb4 27. c3
Qc5 28. b4 Qxc3 29. Rxe7 1-0

[Event "4NCL Division 2a"]
[Site "Hinckley Island ENG"]
[Date "2013.11.17"]
[Round "2.33"]
[White "Hill, Alistair"]
[Black "Foord, Dominic"]
[Result "1/2-1/2"]
[WhiteElo "2077"]
[BlackElo "2102"]
[PlyCount "137"]
[EventDate "2013.11.17"]
[WhiteTeam "Cambridge University 2"]
[BlackTeam "KJCA Kings"]

1. e4 e5 2. Nf3 Nc6 3. d4 exd4 4. Nxd4 Bc5 5. Be3 Qf6 6. c3 Nge7 7. Bc4 O-O 8.
O-O Ne5 9. Be2 Qg6 10. Nd2 d6 11. Bh5 Qf6 12. f4 N5c6 13. N2b3 Bb6 14. Qd3 Nxd4
15. Bxd4 Nc6 16. Kh1 Qh4 17. Be2 Bg4 18. Bxg4 Qxg4 19. Rf3 Nxd4 20. cxd4 Rfe8
21. Nd2 Qd7 22. b3 Re7 23. Rc1 Rae8 24. h3 Ba5 25. Nc4 Qb5 26. e5 dxe5 27. dxe5
Rd7 28. Qe4 Bb4 29. Rd3 Rxd3 30. Qxd3 Qc6 31. Rd1 a6 32. Qd7 Qxd7 33. Rxd7 b5
34. Ne3 c5 35. Nd5 h5 36. Nxb4 cxb4 37. Rd6 g5 38. g3 h4 39. Kg2 Rc8 40. gxh4
gxf4 41. Kf3 Rc3+ 42. Kxf4 Rxh3 43. Kg4 Re3 44. Kf5 Rf3+ 45. Ke4 Rh3 46. Rxa6
Rxh4+ 47. Kd5 Kf8 48. Ra5 Ke7 49. Rxb5 Rh2 50. Rb7+ Ke8 51. Ra7 Rc2 52. Kd6 Kf8
53. Ra4 Kg7 54. e6 Rd2+ 55. Kc5 fxe6 56. Kxb4 Kf6 57. Kc3 Rd5 58. Rd4 Ra5 59.
a4 Ke5 60. Rh4 Kd5 61. Kb4 Ra8 62. a5 e5 63. Rh7 Re8 64. Rd7+ Kc6 65. Rd3 e4
66. Re3 Kd5 67. a6 Kd4 68. Re1 Rb8+ 69. Ka4 1/2-1/2

[Event "4NCL Division 2a"]
[Site "Hinckley Island ENG"]
[Date "2013.11.17"]
[Round "2.34"]
[White "Jones, William EG"]
[Black "Lee, Richard WY"]
[Result "1/2-1/2"]
[WhiteElo "2127"]
[BlackElo "2129"]
[PlyCount "67"]
[EventDate "2013.11.17"]
[WhiteTeam "KJCA Kings"]
[BlackTeam "Cambridge University 2"]

1. e4 e6 2. d4 d5 3. Nc3 Nf6 4. e5 Nfd7 5. f4 c5 6. Nf3 Nc6 7. Be3 cxd4 8. Nxd4
Bc5 9. Qd2 O-O 10. O-O-O a6 11. Nb3 Bxe3 12. Qxe3 b5 13. g4 Qc7 14. Bd3 Nb4 15.
Rhe1 Bb7 16. f5 Nc6 17. Nd4 Ndxe5 18. fxe6 Nxd3+ 19. Rxd3 Nxd4 20. e7 Rfe8 21.
Rxd4 Qxh2 22. Nxd5 Rac8 23. c3 Bxd5 24. Rxd5 h6 25. a3 Qc7 26. Rd4 Qc5 27. Kb1
Qb6 28. Ka1 Qc6 29. Qe5 f6 30. Qf5 Kf7 31. Qh5+ Kg8 32. Qf5 Kf7 33. Qh5+ Kg8
34. Qf5 1/2-1/2

[Event "4NCL Division 2a"]
[Site "Hinckley Island ENG"]
[Date "2013.11.17"]
[Round "2.35"]
[White "Chan, Nevil"]
[Black "Tambini, Jasper"]
[Result "0-1"]
[WhiteElo "2027"]
[BlackElo "2029"]
[PlyCount "90"]
[EventDate "2013.11.17"]
[WhiteTeam "Cambridge University 2"]
[BlackTeam "KJCA Kings"]

1. d4 d5 2. Nc3 Nf6 3. Bg5 Nbd7 4. Nf3 h6 5. Bh4 e6 6. e3 Be7 7. Bd3 O-O 8. O-O
b6 9. Ne5 Nxe5 10. dxe5 Nd7 11. Bxe7 Qxe7 12. f4 Bb7 13. Nb5 a6 14. Nd4 c5 15.
Nf3 b5 16. c3 Qd8 17. Rc1 f6 18. Bb1 f5 19. Bd3 Rf7 20. Be2 Nf8 21. Rc2 g5 22.
Rf2 Ng6 23. g3 g4 24. Ne1 h5 25. Bf1 h4 26. Bg2 h3 27. Bh1 Qb6 28. Rcd2 Ne7 29.
Nc2 Nc6 30. Qe2 Rd8 31. Rf1 a5 32. Rfd1 c4 33. Qf2 b4 34. e4 Qxf2+ 35. Kxf2
fxe4 36. Ke3 Rdf8 37. Ke2 Ba6 38. Ke3 Rb8 39. Nd4 Nxd4 40. Kxd4 Kg7 41. Re1 Kg6
42. Rf2 Kf5 43. Rxe4 bxc3 44. Ree2 cxb2 45. Rxb2 Rfb7 0-1

[Event "4NCL Division 2a"]
[Site "Hinckley Island ENG"]
[Date "2013.11.17"]
[Round "2.37"]
[White "Beniwal, Anuradha"]
[Black "Maguire, Robert"]
[Result "0-1"]
[WhiteElo "2047"]
[BlackElo "1971"]
[PlyCount "70"]
[EventDate "2013.11.17"]
[WhiteTeam "Cambridge University 2"]
[BlackTeam "KJCA Kings"]

1. e4 e5 2. Nf3 Nc6 3. Bb5 a6 4. Ba4 Nf6 5. O-O Be7 6. Re1 b5 7. Bb3 d6 8. h3
O-O 9. c3 Na5 10. Bc2 c5 11. d4 cxd4 12. cxd4 exd4 13. Nxd4 Bd7 14. b3 Nc6 15.
Nxc6 Bxc6 16. Bb2 Ne8 17. Qd3 g6 18. Qc3 Bf6 19. e5 Bxe5 20. Rxe5 dxe5 21. Qxc6
Rc8 22. Qe4 Qc7 23. Na3 f6 24. b4 Nd6 25. Bb3+ Kg7 26. Qf3 Qe7 27. Rd1 Rfd8 28.
g4 Nf7 29. Rxd8 Rxd8 30. Bxf7 Qxf7 31. g5 Rd2 32. Qc3 Rd1+ 33. Kh2 fxg5 34.
Qxe5+ Kh6 35. Qe3 Qd5 0-1

[Event "4NCL Division 2a"]
[Site "Hinckley Island ENG"]
[Date "2013.11.17"]
[Round "2.38"]
[White "Giles, Yasmin"]
[Black "Gooding, Ian"]
[Result "0-1"]
[WhiteElo "1892"]
[BlackElo "1986"]
[PlyCount "118"]
[EventDate "2013.11.17"]
[WhiteTeam "KJCA Kings"]
[BlackTeam "Cambridge University 2"]

1. e4 e6 2. d4 d5 3. e5 c5 4. c3 Nc6 5. Nf3 Bd7 6. a3 f6 7. b4 fxe5 8. Nxe5
Nxe5 9. dxe5 Qc7 10. Bf4 O-O-O 11. Bd3 g5 12. Bg3 Bg7 13. Qe2 Rf8 14. Qe3 d4
15. Qxg5 Bh6 16. Qg4 dxc3 17. Nxc3 cxb4 18. Qxb4 Ne7 19. Ne4 Nc6 20. Qc3 Bg7
21. Nd6+ Qxd6 22. f4 Qd4 23. Qxd4 Nxd4 24. Bf2 Nc6 25. Be3 Bh6 26. g3 Nxe5 27.
Be2 Nc6 28. Rf1 Bg7 29. Rb1 Bc3+ 30. Kf2 e5 31. Rb3 exf4 32. Bxf4 Be5 33. Rfb1
Bxf4 34. gxf4 Rxf4+ 35. Kg3 Rf6 36. Bf3 Rg8+ 37. Kf2 Bg4 38. Rd1 Rgf8 39. Rdd3
Bxf3 40. Rxf3 Rxf3+ 41. Rxf3 Rxf3+ 42. Kxf3 Kd7 43. Kf4 Ke6 44. Kg5 Kf7 45. h4
b5 46. h5 b4 47. Kh6 Kg8 48. axb4 Nxb4 49. Kg5 a5 50. h6 a4 51. Kf6 a3 52. Kg5
a2 53. Kh4 a1=Q 54. Kg4 Qe5 55. Kh4 Kf7 56. Kg4 Kg6 57. Kh3 Kg5 58. Kg2 Kg4 59.
Kh1 Kg3 0-1

[Event "4NCL Division 2a"]
[Site "Hinckley Island ENG"]
[Date "2013.11.17"]
[Round "2.41"]
[White "Kett, Timothy J"]
[Black "Posazhennikov, Alex"]
[Result "1/2-1/2"]
[WhiteElo "2230"]
[BlackElo "2259"]
[PlyCount "134"]
[EventDate "2013.11.17"]
[WhiteTeam "Rhyfelwyr Essyllwg"]
[BlackTeam "Poisoned Pawns"]

1. d4 f5 2. Nc3 d5 3. Bf4 c6 4. e3 Nf6 5. Bd3 g6 6. Nf3 Bg7 7. Qe2 Nbd7 8. h3
Ne4 9. g4 e6 10. Rg1 Nxc3 11. bxc3 Qa5 12. Qd2 Nb6 13. Be5 Bxe5 14. Nxe5 Nd7
15. Nxd7 Bxd7 16. c4 Qa3 17. Ke2 dxc4 18. Bxc4 b5 19. Bb3 a5 20. gxf5 exf5 21.
d5 Qc5 22. Rad1 a4 23. dxc6 Bxc6 24. Bd5 O-O-O 25. c4 bxc4 26. Be6+ Kc7 27. Qc3
Rhe8 28. Rxd8 Kxd8 29. Bxc4 Kc7 30. Rc1 f4 31. Bf7 Qxc3 32. Rxc3 Re5 33. Kd3
fxe3 34. fxe3 Kd6 35. Bg8 Rh5 36. Be6 Bb5+ 37. Bc4 Bd7 38. Rc1 Rxh3 39. Kd4
Rh4+ 40. e4 Bc6 41. Bd3 Bd7 42. Rb1 Rg4 43. Rb6+ Kc7 44. Ra6 h5 45. Kd5 Rg3 46.
Bc4 Bc8 47. Rc6+ Kd7 48. Rd6+ Ke7 49. e5 h4 50. Rf6 Bf5 51. Ra6 Rg4 52. Ra7+
Kf8 53. Bb5 Re4 54. Bd3 Rf4 55. Bxf5 Rxf5 56. Kd6 Rf2 57. e6 Rd2+ 58. Ke5 Rxa2
59. Kf6 Rf2+ 60. Kxg6 h3 61. Rxa4 Ke7 62. Rh4 h2 63. Kg5 Rb2 64. Rh6 Rf2 65.
Kg4 Rg2+ 66. Kf3 Rg6 67. Rxh2 Kxe6 1/2-1/2

[Event "4NCL Division 2a"]
[Site "Hinckley Island ENG"]
[Date "2013.11.17"]
[Round "2.42"]
[White "Swanson, Stephen"]
[Black "Trevelyan, John"]
[Result "0-1"]
[WhiteElo "2238"]
[BlackElo "2118"]
[PlyCount "80"]
[EventDate "2013.11.17"]
[WhiteTeam "Poisoned Pawns"]
[BlackTeam "Rhyfelwyr Essyllwg"]

1. e4 d6 2. Nc3 Nf6 3. g3 e5 4. Bg2 Be7 5. Nge2 O-O 6. O-O c6 7. d4 Nbd7 8. a4
a5 9. h3 Re8 10. Be3 Bf8 11. d5 cxd5 12. exd5 b6 13. g4 Nc5 14. Ng3 Nfd7 15.
Qd2 g6 16. Rfe1 Bg7 17. Nb5 Nb8 18. Bg5 f6 19. Bh6 Ba6 20. Nc3 Ra7 21. Bxg7
Rxg7 22. Nce4 Rf8 23. Nxc5 bxc5 24. Kh2 Bc8 25. f4 exf4 26. Qxf4 f5 27. g5 Rb7
28. Re2 Rb4 29. c4 Nd7 30. Qxd6 f4 31. Ne4 Rb6 32. Qxb6 Qxb6 33. Rf1 Qb3 34.
Nc3 Qb8 35. Bf3 Ne5 36. Ne4 Bf5 37. Nxc5 Re8 38. Ref2 Nxc4 39. b3 Ne3 40. Re1
Qb4 0-1